000 00587nam a2200205Ia 4500
003 OSt
005 20250715103156.0
008 210210b1995 xxu||||| |||| 00| 0 eng d
040 _cAL
041 _aKannada
082 _aK894.9 GITN
100 _aGITACHARYA (Na),Ed..
_dಗೀತಾಚಾರ್ಯ (ನಾ)
_9218757
245 _aNavyasphurti.
_bನವ್ಯಸ್ಫೂರ್ತಿ
260 _aBengaluru
_bBi Em Shri Smaraka Pratishtana
_c1995
300 _a150
650 _aGokaka Vi Kra
_9218758
690 _aKannada Criticism
_9218759
906 _a051506
942 _2ddc
_cBK
999 _c100049
_d100049